000 00354nam a2200145Ia 4500
008 151213s9999 xx 000 0 und d
100 _aB. Polovoi
245 _aA Story About A Real Man
_cB. Polovoi
260 _aMoscow
_bProgress Publishers
_c1967
300 _a6516 p.
650 _aEnglish
650 _aNovel
700 _aB. Polovoi
999 _c3605
_d3605